000 00197 a2200097 4500
020 _a9788434839632
041 _aspa
100 _aGusti Ricardo Alcantara
245 _aEl Joven Guerrero
942 _cK
999 _c28816
_d28816